<?xml version="1.0" encoding="UTF-8"?>
<collection xmlns="http://www.loc.gov/MARC21/slim">
 <record>
  <leader>07569cam a2201213 c 4500</leader>
  <controlfield tag="001">354643002</controlfield>
  <controlfield tag="003">DE-627</controlfield>
  <controlfield tag="005">20260421135533.0</controlfield>
  <controlfield tag="007">tu</controlfield>
  <controlfield tag="008">021002s2002    gw |||||      00| ||ger c</controlfield>
  <datafield tag="015" ind1=" " ind2=" ">
   <subfield code="a">02,N16,0548</subfield>
   <subfield code="2">dnb</subfield>
  </datafield>
  <datafield tag="015" ind1=" " ind2=" ">
   <subfield code="a">02,B46,0424</subfield>
   <subfield code="2">dnb</subfield>
  </datafield>
  <datafield tag="016" ind1="7" ind2=" ">
   <subfield code="a">964123045</subfield>
   <subfield code="2">DE-101</subfield>
  </datafield>
  <datafield tag="020" ind1=" " ind2=" ">
   <subfield code="a">3926982799</subfield>
   <subfield code="9">3-926982-79-9</subfield>
  </datafield>
  <datafield tag="035" ind1=" " ind2=" ">
   <subfield code="a">(DE-627)354643002</subfield>
  </datafield>
  <datafield tag="035" ind1=" " ind2=" ">
   <subfield code="a">(DE-603)104077956</subfield>
  </datafield>
  <datafield tag="035" ind1=" " ind2=" ">
   <subfield code="a">(DE-576)100753590</subfield>
  </datafield>
  <datafield tag="035" ind1=" " ind2=" ">
   <subfield code="a">(DE-599)GBV354643002</subfield>
  </datafield>
  <datafield tag="035" ind1=" " ind2=" ">
   <subfield code="a">(OCoLC)1573382039</subfield>
  </datafield>
  <datafield tag="035" ind1=" " ind2=" ">
   <subfield code="a">(OCoLC)249150429</subfield>
  </datafield>
  <datafield tag="035" ind1=" " ind2=" ">
   <subfield code="a">(OCoLC)50780218</subfield>
  </datafield>
  <datafield tag="040" ind1=" " ind2=" ">
   <subfield code="a">DE-627</subfield>
   <subfield code="b">ger</subfield>
   <subfield code="c">DE-627</subfield>
   <subfield code="e">rakwb</subfield>
  </datafield>
  <datafield tag="041" ind1=" " ind2=" ">
   <subfield code="a">ger</subfield>
  </datafield>
  <datafield tag="044" ind1=" " ind2=" ">
   <subfield code="c">XA-DE</subfield>
   <subfield code="c">XA-DE-BY</subfield>
  </datafield>
  <datafield tag="050" ind1=" " ind2="0">
   <subfield code="a">NK8804.5</subfield>
  </datafield>
  <datafield tag="082" ind1="0" ind2=" ">
   <subfield code="a">746.0288</subfield>
  </datafield>
  <datafield tag="084" ind1=" " ind2=" ">
   <subfield code="a">42</subfield>
   <subfield code="a">46</subfield>
   <subfield code="2">sdnb</subfield>
  </datafield>
  <datafield tag="084" ind1=" " ind2=" ">
   <subfield code="a">46</subfield>
   <subfield code="a">42</subfield>
   <subfield code="2">sdnb</subfield>
  </datafield>
  <datafield tag="084" ind1=" " ind2=" ">
   <subfield code="a">9,10</subfield>
   <subfield code="2">ssgn</subfield>
  </datafield>
  <datafield tag="084" ind1=" " ind2=" ">
   <subfield code="a">LH 60360</subfield>
   <subfield code="q">BVB</subfield>
   <subfield code="2">rvk</subfield>
   <subfield code="0">(DE-625)rvk/94192:</subfield>
  </datafield>
  <datafield tag="084" ind1=" " ind2=" ">
   <subfield code="a">NW 6205</subfield>
   <subfield code="2">rvk</subfield>
   <subfield code="0">(DE-625)rvk/132264:</subfield>
  </datafield>
  <datafield tag="084" ind1=" " ind2=" ">
   <subfield code="a">ZS 3240</subfield>
   <subfield code="2">rvk</subfield>
   <subfield code="0">(DE-625)rvk/158237:</subfield>
  </datafield>
  <datafield tag="084" ind1=" " ind2=" ">
   <subfield code="a">LH 78960</subfield>
   <subfield code="q">BVB</subfield>
   <subfield code="2">rvk</subfield>
   <subfield code="0">(DE-625)rvk/95088:2</subfield>
  </datafield>
  <datafield tag="084" ind1=" " ind2=" ">
   <subfield code="a">LH 29970</subfield>
   <subfield code="2">rvk</subfield>
   <subfield code="0">(DE-625)rvk/92952:</subfield>
  </datafield>
  <datafield tag="084" ind1=" " ind2=" ">
   <subfield code="a">LH 79020</subfield>
   <subfield code="2">rvk</subfield>
   <subfield code="0">(DE-625)rvk/95091:2</subfield>
  </datafield>
  <datafield tag="084" ind1=" " ind2=" ">
   <subfield code="a">73.86</subfield>
   <subfield code="2">bkl</subfield>
  </datafield>
  <datafield tag="084" ind1=" " ind2=" ">
   <subfield code="a">21.86</subfield>
   <subfield code="2">bkl</subfield>
  </datafield>
  <datafield tag="084" ind1=" " ind2=" ">
   <subfield code="a">20.15</subfield>
   <subfield code="2">bkl</subfield>
  </datafield>
  <datafield tag="245" ind1="0" ind2="0">
   <subfield code="a">Historische Textilien</subfield>
   <subfield code="b">Beiträge zu ihrer Erhaltung und Erforschung</subfield>
   <subfield code="c">[Herausgeber: Germanisches Nationalmuseum] ; Herausgegeben von Sabine Martius und Sibylle Ruß</subfield>
  </datafield>
  <datafield tag="263" ind1=" " ind2=" ">
   <subfield code="a">Pp. : ca. EUR 50.00 (freier Pr.)</subfield>
  </datafield>
  <datafield tag="264" ind1=" " ind2="1">
   <subfield code="a">Nürnberg</subfield>
   <subfield code="b">Verl. des Germanischen Nationalmuseums</subfield>
   <subfield code="c">2002</subfield>
  </datafield>
  <datafield tag="300" ind1=" " ind2=" ">
   <subfield code="a">279 Seiten</subfield>
   <subfield code="b">Illustrationen, graph. Darstellungen</subfield>
   <subfield code="c">26 cm</subfield>
  </datafield>
  <datafield tag="336" ind1=" " ind2=" ">
   <subfield code="a">Text</subfield>
   <subfield code="b">txt</subfield>
   <subfield code="2">rdacontent</subfield>
  </datafield>
  <datafield tag="337" ind1=" " ind2=" ">
   <subfield code="a">ohne Hilfsmittel zu benutzen</subfield>
   <subfield code="b">n</subfield>
   <subfield code="2">rdamedia</subfield>
  </datafield>
  <datafield tag="338" ind1=" " ind2=" ">
   <subfield code="a">Band</subfield>
   <subfield code="b">nc</subfield>
   <subfield code="2">rdacarrier</subfield>
  </datafield>
  <datafield tag="490" ind1="1" ind2=" ">
   <subfield code="a">Veröffentlichung des Instituts für Kunsttechnik und Konservierung im Germanischen Nationalmuseum</subfield>
   <subfield code="v">6</subfield>
  </datafield>
  <datafield tag="583" ind1="1" ind2=" ">
   <subfield code="a">Archivierung/Langzeitarchivierung gewährleistet</subfield>
   <subfield code="f">SSG</subfield>
   <subfield code="x">XA-DE-BW</subfield>
   <subfield code="2">pdager</subfield>
   <subfield code="5">DE-16</subfield>
  </datafield>
  <datafield tag="650" ind1=" " ind2="0">
   <subfield code="a">Textile fabrics</subfield>
   <subfield code="x">Conservation and restoration</subfield>
  </datafield>
  <datafield tag="650" ind1=" " ind2="0">
   <subfield code="a">Textile fabrics</subfield>
   <subfield code="x">History</subfield>
  </datafield>
  <datafield tag="650" ind1="0" ind2="7">
   <subfield code="0">(DE-588)4017894-8</subfield>
   <subfield code="0">(DE-627)106328379</subfield>
   <subfield code="0">(DE-576)208921524</subfield>
   <subfield code="a">Forschung</subfield>
   <subfield code="2">gnd</subfield>
  </datafield>
  <datafield tag="650" ind1="0" ind2="7">
   <subfield code="0">(DE-588)4039792-0</subfield>
   <subfield code="0">(DE-627)104767677</subfield>
   <subfield code="0">(DE-576)209036664</subfield>
   <subfield code="a">Mode</subfield>
   <subfield code="2">gnd</subfield>
  </datafield>
  <datafield tag="650" ind1="0" ind2="7">
   <subfield code="0">(DE-588)4059276-5</subfield>
   <subfield code="0">(DE-627)104665335</subfield>
   <subfield code="0">(DE-576)209130180</subfield>
   <subfield code="a">Technologie</subfield>
   <subfield code="2">gnd</subfield>
  </datafield>
  <datafield tag="650" ind1="0" ind2="7">
   <subfield code="0">(DE-588)4059618-7</subfield>
   <subfield code="0">(DE-627)106142895</subfield>
   <subfield code="0">(DE-576)209131462</subfield>
   <subfield code="a">Textilindustrie</subfield>
   <subfield code="2">gnd</subfield>
  </datafield>
  <datafield tag="650" ind1="0" ind2="7">
   <subfield code="0">(DE-588)4031011-5</subfield>
   <subfield code="0">(DE-627)104181028</subfield>
   <subfield code="0">(DE-576)208990089</subfield>
   <subfield code="a">Kleidung</subfield>
   <subfield code="2">gnd</subfield>
  </datafield>
  <datafield tag="650" ind1="0" ind2="7">
   <subfield code="0">(DE-588)4059615-1</subfield>
   <subfield code="0">(DE-627)106142909</subfield>
   <subfield code="0">(DE-576)209131454</subfield>
   <subfield code="a">Textilien</subfield>
   <subfield code="2">gnd</subfield>
  </datafield>
  <datafield tag="650" ind1="0" ind2="7">
   <subfield code="0">(DE-588)4114279-2</subfield>
   <subfield code="0">(DE-627)10582335X</subfield>
   <subfield code="0">(DE-576)209483318</subfield>
   <subfield code="a">Konservierung</subfield>
   <subfield code="2">gnd</subfield>
  </datafield>
  <datafield tag="650" ind1="0" ind2="7">
   <subfield code="0">(DE-588)4060554-1</subfield>
   <subfield code="0">(DE-627)104443839</subfield>
   <subfield code="0">(DE-576)209135727</subfield>
   <subfield code="a">Tracht</subfield>
   <subfield code="2">gnd</subfield>
  </datafield>
  <datafield tag="650" ind1="0" ind2="7">
   <subfield code="0">(DE-588)4049600-4</subfield>
   <subfield code="0">(DE-627)106186442</subfield>
   <subfield code="0">(DE-576)209082674</subfield>
   <subfield code="a">Restaurierung</subfield>
   <subfield code="2">gnd</subfield>
  </datafield>
  <datafield tag="653" ind1=" " ind2="0">
   <subfield code="a">Germanisches Nationalmuseum Nürnberg</subfield>
  </datafield>
  <datafield tag="655" ind1=" " ind2="7">
   <subfield code="a">Aufsatzsammlung</subfield>
   <subfield code="0">(DE-588)4143413-4</subfield>
   <subfield code="0">(DE-627)105605727</subfield>
   <subfield code="0">(DE-576)209726091</subfield>
   <subfield code="2">gnd-content</subfield>
  </datafield>
  <datafield tag="689" ind1="0" ind2="0">
   <subfield code="d">s</subfield>
   <subfield code="0">(DE-588)4059615-1</subfield>
   <subfield code="0">(DE-627)106142909</subfield>
   <subfield code="0">(DE-576)209131454</subfield>
   <subfield code="a">Textilien</subfield>
   <subfield code="2">gnd</subfield>
  </datafield>
  <datafield tag="689" ind1="0" ind2="1">
   <subfield code="a">z</subfield>
   <subfield code="2">gnd</subfield>
   <subfield code="a">Geschichte</subfield>
  </datafield>
  <datafield tag="689" ind1="0" ind2="2">
   <subfield code="d">s</subfield>
   <subfield code="0">(DE-588)4114279-2</subfield>
   <subfield code="0">(DE-627)10582335X</subfield>
   <subfield code="0">(DE-576)209483318</subfield>
   <subfield code="a">Konservierung</subfield>
   <subfield code="2">gnd</subfield>
  </datafield>
  <datafield tag="689" ind1="0" ind2=" ">
   <subfield code="5">DE-101</subfield>
  </datafield>
  <datafield tag="689" ind1="1" ind2="0">
   <subfield code="d">s</subfield>
   <subfield code="0">(DE-588)4059615-1</subfield>
   <subfield code="0">(DE-627)106142909</subfield>
   <subfield code="0">(DE-576)209131454</subfield>
   <subfield code="a">Textilien</subfield>
   <subfield code="2">gnd</subfield>
  </datafield>
  <datafield tag="689" ind1="1" ind2="1">
   <subfield code="d">s</subfield>
   <subfield code="0">(DE-588)4184952-8</subfield>
   <subfield code="0">(DE-627)105291099</subfield>
   <subfield code="0">(DE-576)210029145</subfield>
   <subfield code="a">Textilforschung</subfield>
   <subfield code="2">gnd</subfield>
  </datafield>
  <datafield tag="689" ind1="1" ind2="2">
   <subfield code="d">s</subfield>
   <subfield code="0">(DE-588)4114279-2</subfield>
   <subfield code="0">(DE-627)10582335X</subfield>
   <subfield code="0">(DE-576)209483318</subfield>
   <subfield code="a">Konservierung</subfield>
   <subfield code="2">gnd</subfield>
  </datafield>
  <datafield tag="689" ind1="1" ind2="3">
   <subfield code="a">z</subfield>
   <subfield code="2">gnd</subfield>
   <subfield code="a">Geschichte</subfield>
  </datafield>
  <datafield tag="689" ind1="1" ind2=" ">
   <subfield code="5">(DE-627)</subfield>
  </datafield>
  <datafield tag="700" ind1="1" ind2=" ">
   <subfield code="a">Martius, Sabine</subfield>
   <subfield code="d">1962-</subfield>
   <subfield code="e">HerausgeberIn</subfield>
   <subfield code="0">(DE-588)1231259639</subfield>
   <subfield code="0">(DE-627)1753665868</subfield>
   <subfield code="4">edt</subfield>
  </datafield>
  <datafield tag="700" ind1="1" ind2=" ">
   <subfield code="a">Ruß, Sibylle</subfield>
   <subfield code="d">1957-</subfield>
   <subfield code="e">HerausgeberIn</subfield>
   <subfield code="0">(DE-588)132342774</subfield>
   <subfield code="0">(DE-627)521440602</subfield>
   <subfield code="0">(DE-576)299086577</subfield>
   <subfield code="4">edt</subfield>
  </datafield>
  <datafield tag="710" ind1="2" ind2=" ">
   <subfield code="a">Germanisches Nationalmuseum</subfield>
   <subfield code="e">Herausgebendes Organ</subfield>
   <subfield code="0">(DE-588)36441-1</subfield>
   <subfield code="0">(DE-627)100837735</subfield>
   <subfield code="0">(DE-576)190346388</subfield>
   <subfield code="4">isb</subfield>
  </datafield>
  <datafield tag="787" ind1="0" ind2="8">
   <subfield code="i">Rezensiert in</subfield>
   <subfield code="a">Schmitz-von Ledebur, Katja, 1967 - </subfield>
   <subfield code="t">[Rezension von: Sabine Martius / Sibylle Ruß (Hrsg.), Historische Textilien]</subfield>
   <subfield code="d">2002</subfield>
   <subfield code="w">(DE-627)1920625410</subfield>
  </datafield>
  <datafield tag="787" ind1="0" ind2="8">
   <subfield code="i">Rezensiert in</subfield>
   <subfield code="a">Weyer, Cornelia, 19XX - </subfield>
   <subfield code="t">&quot;Historische Textilien&quot;</subfield>
   <subfield code="d">2003</subfield>
   <subfield code="w">(DE-627)1925266753</subfield>
  </datafield>
  <datafield tag="787" ind1="0" ind2="8">
   <subfield code="i">Rezensiert in</subfield>
   <subfield code="a">Weyer, Cornelia, 19XX - </subfield>
   <subfield code="t">&quot;Historische Textilien&quot;</subfield>
   <subfield code="d">2003</subfield>
   <subfield code="w">(DE-627)617803811</subfield>
  </datafield>
  <datafield tag="810" ind1="2" ind2=" ">
   <subfield code="a">Institut für Kunsttechnik und Konservierung</subfield>
   <subfield code="t">Veröffentlichung des Instituts für Kunsttechnik und Konservierung am Germanischen Nationalmuseum</subfield>
   <subfield code="v">6</subfield>
   <subfield code="9">6</subfield>
   <subfield code="w">(DE-627)170167178</subfield>
   <subfield code="w">(DE-576)017649420</subfield>
   <subfield code="w">(DE-600)1019725-4</subfield>
   <subfield code="7">am</subfield>
  </datafield>
  <datafield tag="856" ind1="4" ind2="2">
   <subfield code="u">http://bvbr.bib-bvb.de:8991/F?func=service&amp;doc_library=BVB01&amp;doc_number=009757652&amp;line_number=0002&amp;func_code=DB_RECORDS&amp;service_type=MEDIA</subfield>
   <subfield code="m">V:DE-604</subfield>
   <subfield code="q">application/pdf</subfield>
   <subfield code="3">Inhaltsverzeichnis</subfield>
   <subfield code="7">1</subfield>
  </datafield>
  <datafield tag="856" ind1="4" ind2="2">
   <subfield code="u">https://swbplus.bsz-bw.de/bsz100753590rez.htm</subfield>
   <subfield code="m">V:DE-576</subfield>
   <subfield code="v">2005-08-17</subfield>
   <subfield code="3">Rezension</subfield>
   <subfield code="7">1</subfield>
  </datafield>
  <datafield tag="856" ind1="4" ind2="2">
   <subfield code="u">http://www.sehepunkte.de/2002/12/3447.html</subfield>
   <subfield code="m">V:DE-576;X:Sehepunkte</subfield>
   <subfield code="q">text/html</subfield>
   <subfield code="v">20180423160624</subfield>
   <subfield code="3">Rezension</subfield>
   <subfield code="7">1</subfield>
  </datafield>
  <datafield tag="856" ind1="4" ind2="2">
   <subfield code="u">http://scans.hebis.de/HEBCGI/show.pl?10407795_rez.pdf</subfield>
   <subfield code="m">V:DE-576</subfield>
   <subfield code="q">application/pdf</subfield>
   <subfield code="3">Rezension</subfield>
   <subfield code="7">1</subfield>
  </datafield>
  <datafield tag="856" ind1="4" ind2="2">
   <subfield code="u">http://scans.hebis.de/HEBCGI/show.pl?10407795_toc.pdf</subfield>
   <subfield code="m">V:DE-604</subfield>
   <subfield code="q">application/pdf</subfield>
   <subfield code="3">Inhaltsverzeichnis</subfield>
   <subfield code="7">1</subfield>
  </datafield>
  <datafield tag="935" ind1=" " ind2=" ">
   <subfield code="a">BGTS</subfield>
   <subfield code="a">BWLB</subfield>
  </datafield>
  <datafield tag="935" ind1=" " ind2=" ">
   <subfield code="i">Blocktest</subfield>
  </datafield>
  <datafield tag="936" ind1="r" ind2="v">
   <subfield code="a">LH 60360</subfield>
   <subfield code="b">Konservierungs- und Restaurierungsmethoden und -technologien (Handwerkstechniken, historische Baukonstruktionen u.ä.)</subfield>
   <subfield code="k">Kunstgeschichte</subfield>
   <subfield code="k">Allgemeines. Allgemeine Kunstgeschichte</subfield>
   <subfield code="k">Denkmalpflege</subfield>
   <subfield code="k">Konservierungs- und Restaurierungsmethoden und -technologien (Handwerkstechniken, historische Baukonstruktionen u.ä.)</subfield>
   <subfield code="0">(DE-627)1270705067</subfield>
   <subfield code="0">(DE-625)rvk/94192:</subfield>
   <subfield code="0">(DE-576)200705067</subfield>
  </datafield>
  <datafield tag="936" ind1="r" ind2="v">
   <subfield code="a">NW 6205</subfield>
   <subfield code="b">Grundindustrie, Spinnerei und Weberei</subfield>
   <subfield code="k">Geschichte</subfield>
   <subfield code="k">Wirtschafts- und Sozialgeschichte</subfield>
   <subfield code="k">Spezielle Wirtschaftsgeschichte</subfield>
   <subfield code="k">Firmengeschichte</subfield>
   <subfield code="k">Textilindustrie</subfield>
   <subfield code="k">Grundindustrie, Spinnerei und Weberei</subfield>
   <subfield code="0">(DE-627)1270907727</subfield>
   <subfield code="0">(DE-625)rvk/132264:</subfield>
   <subfield code="0">(DE-576)200907727</subfield>
  </datafield>
  <datafield tag="936" ind1="r" ind2="v">
   <subfield code="a">ZS 3240</subfield>
   <subfield code="b">Geschichte der Textiltechnik</subfield>
   <subfield code="k">Technik</subfield>
   <subfield code="k">Handwerk, Feinwerktechnik, Holztechnik, Papiertechnik, Textiltechnik und sonstige Technik</subfield>
   <subfield code="k">Geschichte der Textiltechnik</subfield>
   <subfield code="0">(DE-627)1272120899</subfield>
   <subfield code="0">(DE-625)rvk/158237:</subfield>
   <subfield code="0">(DE-576)202120899</subfield>
  </datafield>
  <datafield tag="936" ind1="r" ind2="v">
   <subfield code="a">LH 78960</subfield>
   <subfield code="b">allgemein</subfield>
   <subfield code="k">Kunstgeschichte</subfield>
   <subfield code="k">Allgemeines. Allgemeine Kunstgeschichte</subfield>
   <subfield code="k">Kunstgeschichte einzelner Gattungen der Kunst</subfield>
   <subfield code="k">Kunstgewerbe</subfield>
   <subfield code="k">Ordnung nach Gattungen</subfield>
   <subfield code="k">Textilien (Stoffe; Spitze; Stickerei; Häkelarbeiten; Bast- und Strohflechterei)</subfield>
   <subfield code="k">allgemein</subfield>
   <subfield code="0">(DE-627)1270700235</subfield>
   <subfield code="0">(DE-625)rvk/95088:2</subfield>
   <subfield code="0">(DE-576)200700235</subfield>
  </datafield>
  <datafield tag="936" ind1="r" ind2="v">
   <subfield code="a">LH 29970</subfield>
   <subfield code="b">Restaurierung von Museumsbesitz</subfield>
   <subfield code="k">Kunstgeschichte</subfield>
   <subfield code="k">Allgemeines. Allgemeine Kunstgeschichte</subfield>
   <subfield code="k">Museumskunde. Museumskataloge</subfield>
   <subfield code="k">Restaurierung von Museumsbesitz</subfield>
   <subfield code="0">(DE-627)1270638319</subfield>
   <subfield code="0">(DE-625)rvk/92952:</subfield>
   <subfield code="0">(DE-576)200638319</subfield>
  </datafield>
  <datafield tag="936" ind1="r" ind2="v">
   <subfield code="a">LH 79020</subfield>
   <subfield code="b">allgemein</subfield>
   <subfield code="k">Kunstgeschichte</subfield>
   <subfield code="k">Allgemeines. Allgemeine Kunstgeschichte</subfield>
   <subfield code="k">Kunstgeschichte einzelner Gattungen der Kunst</subfield>
   <subfield code="k">Kunstgewerbe</subfield>
   <subfield code="k">Ordnung nach Gattungen</subfield>
   <subfield code="k">Kleidung, Kostüm und Mode</subfield>
   <subfield code="k">Sakrale Kleidung</subfield>
   <subfield code="k">allgemein</subfield>
   <subfield code="0">(DE-627)1271118149</subfield>
   <subfield code="0">(DE-625)rvk/95091:2</subfield>
   <subfield code="0">(DE-576)201118149</subfield>
  </datafield>
  <datafield tag="936" ind1="b" ind2="k">
   <subfield code="a">73.86</subfield>
   <subfield code="j">Kleidung</subfield>
   <subfield code="j">Mode</subfield>
   <subfield code="x">Volkskunde</subfield>
   <subfield code="0">(DE-627)181569922</subfield>
  </datafield>
  <datafield tag="936" ind1="b" ind2="k">
   <subfield code="a">21.86</subfield>
   <subfield code="j">Textilkunst</subfield>
   <subfield code="0">(DE-627)106405594</subfield>
  </datafield>
  <datafield tag="936" ind1="b" ind2="k">
   <subfield code="a">20.15</subfield>
   <subfield code="j">Restaurierung</subfield>
   <subfield code="j">Konservierung</subfield>
   <subfield code="j">Fälschung</subfield>
   <subfield code="x">Kunstwissenschaften</subfield>
   <subfield code="0">(DE-627)106406310</subfield>
  </datafield>
  <datafield tag="936" ind1="s" ind2="n">
   <subfield code="a">l300</subfield>
   <subfield code="2">mzub</subfield>
  </datafield>
  <datafield tag="936" ind1="s" ind2="n">
   <subfield code="a">v100</subfield>
   <subfield code="2">mzub</subfield>
  </datafield>
  <datafield tag="951" ind1=" " ind2=" ">
   <subfield code="a">BO</subfield>
  </datafield>
  <datafield tag="990" ind1=" " ind2=" ">
   <subfield code="a">Textilien</subfield>
  </datafield>
  <datafield tag="990" ind1=" " ind2=" ">
   <subfield code="a">Geschichte</subfield>
  </datafield>
  <datafield tag="990" ind1=" " ind2=" ">
   <subfield code="a">Konservierung</subfield>
  </datafield>
  <datafield tag="990" ind1=" " ind2=" ">
   <subfield code="a">Textilien</subfield>
  </datafield>
  <datafield tag="990" ind1=" " ind2=" ">
   <subfield code="a">Textilforschung</subfield>
  </datafield>
  <datafield tag="990" ind1=" " ind2=" ">
   <subfield code="a">Konservierung</subfield>
  </datafield>
  <datafield tag="990" ind1=" " ind2=" ">
   <subfield code="a">Geschichte</subfield>
  </datafield>
  <datafield tag="991" ind1=" " ind2=" ">
   <subfield code="a">Rezensiertes Werk</subfield>
  </datafield>
  <datafield tag="999" ind1=" " ind2=" ">
   <subfield code="a">KXP-PPN354643002</subfield>
   <subfield code="e">4953890760</subfield>
  </datafield>
 </record>
</collection>
